000 00366nam a22001577a 4500
005 20160625110035.0
008 160625b xxu||||| |||| 00| 0 eng d
041 _aeng
082 _b10027
100 _aKhandalwal, N.M.
_92742
245 _aIndian ethos and Values for Managers
260 _bHPH
_c2007
300 _a215
650 _aManagement
_9241
942 _cBK
999 _c3956
_d3955